| 000 | 00571nam a22001697a 4500 | ||
|---|---|---|---|
| 999 |
_c58971 _d58971 |
||
| 003 | Ge_BSU | ||
| 005 | 20221025154731.0 | ||
| 008 | 221025s2000 ge ||||| |||| 00| 0 geo d | ||
| 041 | _ageo | ||
| 080 | _a 32.001 ჭ-23 | ||
| 100 |
_aჭანია, ვალერიან _915537 |
||
| 245 |
_aპოლიტოლოგიის საფუძვლები / _c[რედ.: ვაჟა ფაფია]. |
||
| 264 |
_aთბ. : _bბედია, _c 2000. |
||
| 300 |
_a262 გვ. ; _b20 სმ. |
||
| 653 | _a პოლიტოლოგა | ||
| 942 |
_2udc _cBK |
||